El año de la vaca /
Fue así: la foto sale volando de la mano de Laura y flora por debajo del banco, hacia adelante, hacia la Vaca, que no se daba vuelta para nada...No es el único gesto que intriga a Sebastián. Todos comienzan a descubrir que hay algo intenso y raro en ella, la "nueva". Y lo contarán de mucha...
Guardado en:
| Autor Principal: | |
|---|---|
| Formato: | Libro |
| Publicado: |
Buenos Aires :
Sudamericana,
2003.
|
| Edición: | 1a ed. |
| Series: | La pluma del gato
|
| Materias: | |
| Etiquetas: |
Agregar Etiqueta
Sin Etiquetas, Sea el primero en etiquetar este registro!
|
| LEADER | 01067nam a22002415a 4500 | ||
|---|---|---|---|
| 001 | CEM.cems020452 | ||
| 008 | 230918s2003##################000#0#####d | ||
| 005 | 20230918133714.0 | ||
| 245 | 1 | 0 | |a El año de la vaca / |c Márgara Averbach |
| 250 | |a 1a ed. | ||
| 260 | |a Buenos Aires : |b Sudamericana, |c 2003. | ||
| 300 | |a 144 p. | ||
| 490 | 0 | |a La pluma del gato | |
| 500 | |a A partir de 12 años | ||
| 520 | |a Fue así: la foto sale volando de la mano de Laura y flora por debajo del banco, hacia adelante, hacia la Vaca, que no se daba vuelta para nada...No es el único gesto que intriga a Sebastián. Todos comienzan a descubrir que hay algo intenso y raro en ella, la "nueva". Y lo contarán de muchas maneras. Porque cada uno es testigo sólo de su propia experiencia. | ||
| 020 | |a 9500723263 | ||
| 100 | 1 | |a Averbach, Márgara | |
| 653 | |a Literatura juvenil | ||
| 653 | |a Literatura argentina | ||
| 653 | |a Literatura juvenil argentina | ||
| 653 | |a Novela argentina | ||
| 653 | |a Novela juvenil | ||
| 859 | |a CEMS |b BIB. CEMS - Inicial y Primaria |h A863.4 |i Av95 |k IP |p 3268 |t Ej.1 | ||
